[Event "Corus"]
[Site "Wijk aan Zee"]
[Date "2009.01.27"]
[Round "9"]
[White "Dominguez Perez, Leinier"]
[Black "Stellwagen, Daniel"]
[Result "1-0"]
[WhiteElo "2717"]
[BlackElo "2612"]
[Annotator "Postny,E"]
[PlyCount "101"]
[EventDate "2009.01.17"]
[EventType "tourn"]
[EventRounds "13"]
[EventCountry "NED"]
[EventCategory "19"]
[SourceTitle "CBM 129"]
[Source "ChessBase"]
[SourceDate "2009.03.25"]
[SourceVersion "1"]
[SourceVersionDate "2009.03.25"]
[SourceQuality "1"]

1. e4 e6 2. d4 d5 3. Nc3 Bb4 4. e5 c5 5. a3 Bxc3+ 6. bxc3 Ne7 7. Qg4 Qc7 8.
Qxg7 Rg8 9. Qxh7 cxd4 10. Ne2 Nbc6 11. f4 Bd7 12. Qd3 dxc3 13. Rb1 O-O-O 14.
Nxc3 {This sharp line requires deep preparation from both sides. Black is a
pawn down, but White's king is uncastled. All theory so far.} Na5 15. h3 $1 {
Dominguez deviates first from his own game. This continuation definitely needs
more testing at the top level. I would say that this move is promising for
White, the idea of g2-g4 covering the f5 square is good enough.} (15. g3 Kb8
16. Nb5 Bxb5 17. Rxb5 Rc8 18. Be3 b6 (18... Nc4 $6 19. Bf2 Qc6 20. Rc5 Qa6 21.
Be2 Rxc5 22. Bxc5 Qa5+ 23. Bb4 $16 {1-0 Areshchenko,A (2570)-Williams,S (2487)/
Coventry 2005/CBM 105 ext (32)}) 19. Bc5 (19. Be2 $5 Qxc2 20. Bd2 Qxd3 21. Bxd3
Nc4 $13 {Psakhis}) 19... Nf5 20. Bh3 Nb7 21. Bf2 Qxc2 22. Qxc2 Rxc2 23. O-O Nh4
24. Rb3 Na5 {[%cal Oa5b3,Ga5c4]} 25. Rd3 Nc4 $15 {[%csl Gc4,Gh4] 1/2-1/2
Dominguez,L (2639)-Shulman,Y (2550)/Buenos Aires 2005/CBM 109 (46)}) (15. Nb5
Bxb5 16. Qxb5 {To my mind the sacrifice of the Pc2 is dubious.} (16. Rxb5 Kb8 {
transposes to the 15.g3 line.}) 16... Qxc2 17. Bd2 Qe4+ 18. Kd1 a6 19. Qb6 Qa4+
20. Ke1 Nec6 21. h4 $2 (21. Kf2 $13) 21... Rg3 $17 {[%csl Gg3] 0-1 Xu Jun 
(2626)-Zhang Zhong (2658)/Tianjing 2003/EXT 2004 (36)}) 15... Kb8 (15... a6 {
Covering the b5-square does not solve Black's problems.} 16. g4 Ng6 17. h4 Bc6
18. Bg2 (18. Qd4 $16) 18... Nxf4 $1 {White should be aware of such tactical
strikes in this opening line since his king is vulnerable in the centre.} 19.
Bxf4 Rxg4 20. Bg3 d4 21. Ne4 Rdg8 22. Rh3 Bxe4 23. Bxe4 f5 24. exf6 Rxg3 25.
Rxg3 Rxg3 26. Qxd4 Rg8 27. Qe3 Kb8 28. h5 Rg3 29. Qb6 Qe5 30. Qd8+ {1/2-1/2
Antal,G (2405)-Berkes,F (2372)/Budapest 2000/CBM 079 ext}) 16. g4 Rc8 (16... d4
$2 {is bad in view of} 17. Ne4 $16) 17. Nb5 Bxb5 18. Rxb5 a6 $6 {To my mind
this move is a waste of time.} (18... Qxc2 $2 {loses material:} 19. Qxc2 Rxc2
20. Kd1 Rgc8 21. Bd2) (18... Nc4 $5 19. Be2 Qc6 20. Rb1 Qc5 {followed by the
manoeuvre Ne7-c6-d4 might yield Black reasonable compensation.}) 19. Rb1 Nc4
20. Qc3 d4 $5 {This is a typical push. At a price of another pawn Black opens
as many lines as possible, attempting to harass the white monarch. Objectively,
this does not work out properly in this case, but from the practical point of
view this is a chance worth taking.} (20... Qc6 {[%cal Gd5d4]} 21. Qd4 Qa4 22.
Bd3 Qa5+ 23. Kf1 Nc6 24. Qf2 $14) 21. Qxd4 Rgd8 22. Qxc4 Qa5+ {Forced. In the
event of an exchange of queens Black can forget about compensation.} (22...
Qxc4 $2 23. Bxc4 Rxc4 24. Rh2 $16) 23. Qb4 Qd5 24. Be3 $2 {Instead of this
White had two ways for an advantage.} (24. Rh2 Qd1+ 25. Kf2 Rxc2+ 26. Kg1 Qxf1+
27. Kxf1 Rd1+ 28. Qe1 Rxe1+ 29. Kxe1 Rxh2 30. Rb3 Rh1+ 31. Kd2 Rf1 32. Kc2 Nd5
33. h4 $16 {[%csl Gh4]}) (24. Qxb7+ Qxb7 25. Rxb7+ Kxb7 26. Rh2 Rc3 27. Rd2 $16
) 24... Qf3 $2 {It looks like both players miscalculated one of the lines that
could arise in the event of 24...Qxh1. Basically, this kind of sharp position
is nearly impossible for human players to play precisely, this task is for
engines.} (24... Qxh1 25. Qb6 (25. Qxe7 Qf3 26. Be2 Qh1+ 27. Bf1 Qf3 $11) (25.
c4 Ng6 26. Qb6 Nh4 27. Qa7+ Kc7 28. Bb6+ Kc6 29. Bxd8 Qe4+ 30. Kf2 Qxf4+ 31.
Kg1 Qg3+ 32. Kh1 Qf3+ 33. Kg1 $11) 25... Rc7 $1 26. Qxa6 Nd5 27. Qa7+ Kc8 28.
Qa8+ Kd7 29. Qa4+ Ke7 30. Rxb7 Nxe3 31. Rxc7+ Kf8 32. Rxf7+ Kg8 33. Rg7+ Kh8
34. Rh7+ Kg8 35. Rg7+ $11) 25. Qxb7+ Qxb7 26. Rxb7+ Kxb7 27. Bd3 {Three pawns
against an exchange should be sufficient for a win.} Nd5 28. Bd2 Nc3 29. Kf2
Rd4 30. Ke3 Ra4 {The a-pawn is Black's last chance.} 31. Bxc3 Rxc3 32. h4 Raxa3
33. Kd4 Rc8 34. h5 Ra4+ 35. Ke3 a5 36. h6 Rb4 37. g5 a4 38. h7 Rh8 39. Ra1 Kb6
40. c3 Rb3 41. Rxa4 Rxc3 42. Kd2 Rxd3+ (42... Rb3 43. Kc2 Rxd3 44. Kxd3 {
leads to the same position as in the game.}) (42... Rcc8 43. Ra6+ Kb7 44. g6
fxg6 45. Rxe6 $18 {[%cal Gd3a6,Gd3g6]}) 43. Kxd3 Rxh7 44. Ra8 Kb7 (44... Kc6 {
was a bit more stubborn.} 45. Ra7 ({Black is hoping for} 45. Ke4 Kd7 46. Ra7+
Ke8 47. g6 $4 {[%tqu "En","Black is in trouble, or is he?","","","f7f5","",2]}
f5+ $1 $19 {[%cal Gh7a7]}) 45... Kd5 46. Rd7+ Kc6 47. Rd6+ Kc7 48. g6 fxg6 49.
Rxe6 Rh4 50. Ke3 Rg4 51. Rd6 $18) 45. Ra1 Rh3+ 46. Ke2 Rc3 47. Rh1 Kc8 48. Rh7
Rc7 49. g6 $1 {Transforming into a a won pawn ending.} fxg6 50. Rxc7+ Kxc7 51.
Kf3 (51. Kf3 Kd7 (51... Kc6 52. Kg4 Kd5 53. Kg5 Ke4 54. Kxg6 Kxf4 55. Kf6 $18)
52. Kg4 Ke7 53. Kg5 Kf7 54. Kh6 $18) 1-0

[Event "Belgrade RAD 30"]
[Site "Belgrade"]
[Date "1977.01.31"]
[Round "13.4"]
[White "Velimirovic, Dragoljub"]
[Black "Suetin, Alexey S"]
[Result "1-0"]
[WhiteElo "2525"]
[BlackElo "2525"]
[Annotator "Primel,D"]
[PlyCount "105"]
[EventDate "1977.01.15"]
[EventType "tourn"]
[EventRounds "13"]
[EventCountry "SRB"]
[EventCategory "9"]
[SourceTitle "EXT 2018"]
[Source "ChessBase"]
[SourceDate "2017.10.13"]
[SourceVersion "1"]
[SourceVersionDate "2017.10.13"]
[SourceQuality "1"]
[TimeControl "40/9000:16/5400:0"]

1. e4 e6 2. d4 d5 3. Nc3 Bb4 4. e5 c5 5. a3 Bxc3+ 6. bxc3 Ne7 7. Qg4 Qc7 8. Bd2
(8. Qxg7 Rg8 {La grande ligne}) 8... cxd4 9. cxd4 Qxc2 10. Rc1 (10. Qxg7 Rg8
11. Qh6 Qb2 12. Rc1 Qxd4 13. Bc3 Qe4+ 14. Ne2 Nbc6 15. f3 Qf5 16. Qe3 Bd7 17.
Ng3 Qg5 18. f4 Qh4 19. Bd3 d4 {0-1 (19) Seiffert,R-Uhlmann,W Jena 1953}) 10...
Qe4+ 11. Qxe4 dxe4 12. Ne2 {[%cal Ge2g3,Ge2c3]} Nbc6 {[%csl Rd4]} 13. g3 (13.
Be3 O-O 14. Nc3) 13... f5 $146 (13... b6 14. Bg2 Ba6 15. Bxe4 Rc8 16. Bb4 Kd7
17. Bxe7 Nxe7 18. Kd2 Bxe2 19. Kxe2 Rxc1 20. Rxc1 Rc8 21. Rxc8 Kxc8 22. Kd3 b5
23. h4 h6 24. f4 Kc7 25. h5 Kb6 26. g4 Ka5 27. Kc3 Ka4 28. Kb2 b4 29. Bc2+ Kb5
30. Bd3+ Ka4 31. Bc2+ Kb5 32. Bd3+ Ka4 33. Bc2+ Kb5 34. Bd3+ Ka5 35. f5 exf5
36. gxf5 Nc6 37. e6 fxe6 38. fxe6 Ne7 39. Be4 Kb5 40. Bd3+ Ka4 41. Bc4 bxa3+
42. Kc3 a2 43. Bxa2 {Akopian,G-Nikitin,Y Moscow 1967 1/2-1/2}) 14. exf6 gxf6
15. Bg2 f5 16. f3 e3 17. Bxe3 Nd5 18. Kf2 Bd7 19. Bg5 h6 20. Bh4 (20. Bd2 Ke7)
20... Nce7 21. f4 {[%csl Rh4]} Bc6 22. Nc3 Kf7 23. Rhe1 $14 Rac8 24. Nxd5 Nxd5
25. Re5 Rhe8 $6 26. Bf3 $1 {[%cal Gf3h5]} Nf6 27. Bxc6 Rxc6 28. Rxc6 bxc6 29.
Ra5 $36 (29. Rc5) 29... Re7 30. Bxf6 Kxf6 31. Rc5 Rc7 32. Kf3 {[%csl Rc6,Re6]
Les Blancs ont une bonne finale} h5 33. Kg2 Ke7 34. Kh3 {[%csl Rh5][%cal Gh3h4]
} Kd6 35. Kh4 Rb7 36. Rc2 Rb3 37. Kxh5 {[%csl Gh2]} Rxa3 38. Kg6 a5 (38... Ra4
39. Rd2 Kd5 $132) (38... Kd5) 39. Rg2 $1 {[%cal Gh2h4]} a4 (39... Rd3 40. h4
Rxd4 41. h5 $40 Rb4 42. h6 Rb8 43. Kg7) 40. h4 Rb3 41. h5 a3 42. h6 a2 (42...
Rb2 43. h7 Rxg2 44. h8=Q) 43. h7 a1=Q 44. h8=Q Qa5 45. Qf8+ Kd5 46. Qe7 Qa3 47.
Qd8+ Ke4 48. g4 fxg4 49. Qd7 Re3 50. Qxe6+ Kd3 51. Qxe3+ Kxe3 52. Rg3+ Kxf4 53.
Rxa3 1-0

[Event "EU-Cup 14th final"]
[Site "Belgrade"]
[Date "1999.01.13"]
[Round "3"]
[White "Socko, Bartosz"]
[Black "Vaganian, Rafael A"]
[Result "1-0"]
[WhiteElo "2497"]
[BlackElo "2605"]
[Annotator "Psakhis"]
[PlyCount "83"]
[EventDate "1999.01.11"]
[EventType "team-k.o."]
[EventRounds "3"]
[EventCountry "YUG"]
[SourceTitle "EXT 2020"]
[Source "ChessBase"]
[SourceDate "2019.10.17"]
[SourceVersion "1"]
[SourceVersionDate "2019.10.17"]
[SourceQuality "1"]
[WhiteTeam "Warszawa Polonia"]
[BlackTeam "Breda Panfox"]
[WhiteTeamCountry "POL"]
[BlackTeamCountry "NED"]

1. e4 e6 2. d4 d5 3. Nc3 Bb4 4. e5 c5 5. a3 Ba5 {Favoured variation of
Vaganian.} 6. b4 cxd4 7. Nb5 Bc7 8. f4 Bd7 9. Nf3 Bxb5 10. Bxb5+ Nc6 ({Lputian,
another big expert in this line, prefers} 10... Nd7 $5 {to move in tne text.})
11. O-O $1 {Black,s problems are not so big after} (11. Nxd4 Nge7 12. c3 Bb6
13. Be3 O-O 14. Qd2 Bxd4 15. cxd4 a5 $1 {~ 0-1 Bologan,V-Vaganian,R/Wch
Groningen 1997/CBM 63 (36)}) 11... Nge7 12. Bd3 Bb6 {N/} (12... a6 13. Kh1 h6
14. Qe2 (14. Bb2 $5 Bb6 15. Qd2 O-O 16. g4 f6 17. exf6 Rxf6 18. g5 $40 {
1-0 Zapf,H-Meyer,U/corr 1992 (29)}) 14... Qd7 15. Bb2 Bb6 16. Rae1 Rc8 17. g4
g6 18. Nh4 h5 19. f5 $40 {1-0 Chandler,M-Vaganian,R/London 1986/Inf 41 (37)}) (
12... Nf5 13. Bxf5 exf5 14. Qd3 Qd7 15. Bb2 O-O 16. Kh1 Bb6 17. Rfd1 Rac8 18.
Rd2 g6 19. Rad1 $36 {1-0 Dragovic,M-Gavela,D/YUG t-ch 1994 (46)}) 13. Kh1 Nf5
14. Bxf5 exf5 15. Bb2 Qd7 16. Nxd4 ({Deserves attention} 16. Qd3 $5) 16... O-O
(16... Bxd4 17. Bxd4 O-O (17... Nxd4 18. Qxd4 O-O $6 19. c4 {+-}) 18. Bc5) 17.
Nf3 $1 (17. Qd3 Bxd4 18. Bxd4 Nxd4 19. Qxd4 Rfc8 {=}) 17... Rfd8 18. Qd3 Rac8
19. Rad1 Ne7 20. Bd4 Rc4 $2 {White chances are slightly better after} (20...
Bxd4 $5 21. Nxd4 Rc4 {+= but everything goes much worse for black after move
in the game.}) 21. Bxb6 axb6 22. e6 $1 Qc8 (22... fxe6 23. Ne5 {+-}) (22...
Qxe6 23. Qxc4 {+-}) 23. exf7+ Kf8 24. Rfe1 Rd6 25. Nd4 (25. Ng5 h6 26. Rxe7
Kxe7 27. Qe2+ Kf8) 25... Rf6 (25... Qd7 26. Rxe7 $1 Rxd4 (26... Qxe7 27. Nxf5)
27. Qxd4 Qxe7 28. c4 {+-}) 26. Qe3 Rxf7 (26... Qd7 27. Ne6+ Kxf7 28. Ng5+ Ke8
29. Rxd5 $1 {+-}) 27. Ne6+ Kg8 28. Ng5 {+-} Re4 29. Qh3 h6 30. Nxf7 Kxf7 31.
Rxe4 dxe4 32. Qb3+ Kg6 33. h3 Kh7 34. c3 Ng6 35. Qf7 $1 e3 (35... Nxf4 36. Rd7
Qxc3 37. Qxf5+ Ng6 38. Qxe4 {+-}) 36. Rd6 Nh4 (36... Nxf4 37. Rd7 Qxc3 38.
Qxf5+ Ng6 39. Re7 {+-} (39. Rd6 Qa1+ 40. Kh2 Qe5+ 41. Qxe5 Nxe5 42. Re6 Nc4 43.
a4 {+-})) 37. Qe7 Nxg2 (37... Ng6 38. Qxe3) 38. Kxg2 Qxc3 39. Kf3 e2+ 40. Kxe2
Qxh3 41. Qe3 Qg2+ 42. Ke1 1-0

[Event "American Continental 2nd"]
[Site "Buenos Aires"]
[Date "2003.08.18"]
[Round "2"]
[White "Vescovi, Giovanni P"]
[Black "Schneider, Dmitry"]
[Result "1-0"]
[WhiteElo "2618"]
[BlackElo "2425"]
[Annotator "Psakhis,L"]
[PlyCount "65"]
[EventDate "2003.08.17"]
[EventType "swiss"]
[EventRounds "11"]
[EventCountry "ARG"]
[SourceTitle "CBM 097"]
[Source "ChessBase"]
[SourceDate "2003.11.11"]
[SourceVersion "1"]
[SourceVersionDate "2003.11.11"]
[SourceQuality "1"]

1. e4 e6 2. d4 d5 3. Nc3 Bb4 4. e5 c5 5. a3 Bxc3+ 6. bxc3 Qc7 {This is not bad
way for Black to avoid complexities of the 6...Ne7 7.Qg4! and steer the game
into more placid channels.} 7. Qg4 f5 8. Qg3 (8. Qh5+ $5 g6 9. Qd1 {[%cal
Gh2h4] could be interesting alternative to the move in the game.}) 8... cxd4 (
8... Ne7 9. Qxg7 Rg8 10. Qxh7 cxd4 11. Kd1 $1 $132) 9. cxd4 Ne7 10. Bd2 O-O 11.
Bd3 b6 12. Ne2 Ba6 13. Nf4 Qd7 14. h4 Bxd3 15. Qxd3 {This variation became
quite popular in last 3-4 years.} Nbc6 $6 {Although this reply has proved
quite popular, I remain suspicious about its value.} (15... Rc8 $142 {[%cal
Gc8c4]}) 16. h5 Nd8 $146 (16... Rac8 {RR} 17. h6 (17. Ke2 Na5 18. Bb4 Rc4 19.
c3 Rfc8 20. g4 Nb3 21. Rab1 Nc5 $36 {0-1 Gerasimov,D-Heitmann,M/corr 1992 (33)}
) 17... g6 18. O-O Nd8 19. a4 Rc4 20. a5 b5 21. a6 Nf7 22. Rfb1 Rb8 $13 {
Korneev,O-Pogorelov,R/Dos Hermanas op 2002/1-0 (42)}) 17. a4 $1 Rc8 18. a5 b5 {
[%csl Rc5]} (18... bxa5 $5) 19. h6 g6 20. a6 $1 {[%csl Rb5] Black's opening
strategy can be punished only by energetic play! The typical position for the
whole system. White's pawns has penetrated into the enemy camp and it
certainly creates some problems for Black.} Rc4 21. c3 Qc6 22. O-O Nf7 23. Rfb1
(23. Qg3 $5 {[%cal Gf4d3]}) 23... Rb8 (23... Nxh6 24. Nxe6 Qxe6 25. Bxh6) 24.
Rb3 Kf8 $6 {This artificial move just increasing black's troubles!} (24... Nxh6
$142 $5 25. Nxe6 Qxe6 26. Bxh6 Nc6 $13 {[%cal Gb5b4]}) 25. Qb1 Rb6 26. Ra5 {
Black should have stuck to a passive defense.} (26. Nd3 $5 {[%cal Gd3b2,Gd3c5]}
Rxa6 $142 27. Nb2 Rxa1 28. Qxa1 $16) 26... Nxh6 (26... Nc8 $5) 27. Rbxb5 (27.
Nd3 $5 {[%cal Gd3b2]}) 27... Nc8 (27... Rxa6 28. Nxe6+ Qxe6 29. Bxh6+ Kf7 30.
Rxa6 Qxa6 31. Bg5 $18 {[%csl Rd5,Rf7]}) 28. Rxb6 Nxb6 29. Rc5 $1 {White's
advantage now can be seen with the naked eye!} Qd7 (29... Rxc5 30. dxc5 Nd7 (
30... Nc4 31. Qb8+) 31. Qb7 $1 Qa4 (31... Qxb7 32. axb7 Nb8 $8 33. Nxe6+ Ke7
34. Nd4 $18) 32. g3 $18) 30. Rxc4 Nxc4 (30... dxc4 31. Nxe6+ Qxe6 32. Bxh6+ Kf7
33. Qb5 Qd5 34. Qb4 $18 {[%csl Rf7][%cal Rb4f8]}) 31. Nxe6+ Qxe6 32. Bxh6+ Ke7
33. Bg5+ 1-0

[Event "Corus-B"]
[Site "Wijk aan Zee"]
[Date "2005.01.22"]
[Round "7"]
[White "Karjakin, Sergey"]
[Black "Nikolic, Predrag"]
[Result "1-0"]
[WhiteElo "2599"]
[BlackElo "2676"]
[Annotator "Psakhis,L"]
[PlyCount "93"]
[EventDate "2005.01.15"]
[EventType "tourn"]
[EventRounds "13"]
[EventCountry "NED"]
[EventCategory "13"]
[SourceTitle "CBM 105"]
[Source "ChessBase"]
[SourceDate "2005.04.11"]
[SourceVersion "1"]
[SourceVersionDate "2005.04.11"]
[SourceQuality "1"]

1. e4 e6 2. d4 d5 3. Nc3 Bb4 4. e5 c5 5. a3 Bxc3+ 6. bxc3 Qa5 7. Bd2 Qa4 8. Qg4
(8. Qb1 c4 9. h4 Nc6 10. h5 h6 11. Nf3 (11. Ne2) 11... Nge7 12. g3 (12. g4 Bd7
13. Nh4 O-O-O 14. Qb2 Rdg8 15. Bh3 g6 16. hxg6 fxg6 17. O-O-O g5 18. Ng2 Be8
19. f4 Bg6 20. Rhf1 Be4 21. Rde1 Nd8 {1/2-1/2 Yurtaev,L-Nikolic,P/Elista ol
1998/ChessBase (67)}) 12... Bd7 13. Bh3 O-O-O 14. O-O Rdf8 (14... Nf5 15. Qc1
Rdf8 16. Ne1 Qa5 17. Ng2 Qc7 18. a4 Nfe7 19. Nf4 Nd8 20. Qa3 Nec6 21. a5 Rfg8
22. Rfe1 Re8 23. a6 b6 24. Bc1 Rhg8 25. Qa2 f6 26. Ng6 Nf7 27. f4 f5 28. Ba3
Nh8 29. Bd6 {Matsuura,E-Burgos,M/Sao Paulo Copa Itau 2003/ChessBase/1-0 (38)})
(14... Kb8 15. Qc1 Rdg8 16. Kh2 Qa5 17. a4 Qd8 18. Qe1 Nf5 19. g4 Nh4 20. Nxh4
Qxh4 21. f4 Qd8 22. f5 Qe8 {1-0 Iordachescu,V-Luciani,V/Nereto op 1999/ (39)})
15. Nh4 (15. Re1) (15. Qd1) (15. Qb2) 15... g5 (15... f5 $2 16. exf6 Rxf6 (
16... gxf6 17. Qc1 $16) 17. Bf4 $16) 16. Ng2 f5 17. exf6 Rxf6 18. Ne3 Rf7 19.
Re1 Ng8 20. Ng4 Nf6 21. Nxf6 Rxf6 22. Re2 Rhf8 23. Bg4 Nd8 $11 {0-1 Sadvakasov,
D-Pogorelov,R/Moscow ChessBase (54)}) (8. Qg4) 8... Kf8 (8... g6 $5 {is more
popular move.}) 9. Qd1 (9. Ra2 Nc6 (9... Nd7 10. Nf3 b6 11. h4 Ne7 12. h5 h6
13. Rh3 Ba6 14. Bxa6 Qxa6 15. Qf4 Kg8 16. Ra1 Qa4 17. Kd1 Rc8 18. g4 Qc4 19.
Ne1 Qf1 20. Rd3 Nc6 21. Kc1 Qe2 {0-1 Formanek,E-Hook,W/USA op New York 1974/
ChessBase (48)}) 10. Nf3 b6 11. Bd3 Ba6 12. O-O Bxd3 13. cxd3 c4 $1 14. dxc4
Qxc4 15. Raa1 Na5 16. Qf4 h6 17. Bc1 Qa4 18. h4 Ne7 19. h5 Rc8 20. Bd2 Qc2 21.
c4 Nb3 22. Rad1 Rxc4 23. Bb4 Ke8 $1 {0-1 Liberzon,V-Hook,W/Nice olm 1974/
ChessBase/(72)}) 9... Nc6 ({Black could try also a typical for the French
defense move} 9... b6 $5 {[%cal Oc5d4,Gc8a6] with the idea to trade the
light-coloured bishops. The continuation could be:} 10. h4 (10. c4 Ba6 11. cxd5
Qxd4 12. Bxa6 Nxa6 13. dxe6 Qxe5+ 14. Ne2 Qxe6 15. O-O Rd8 16. Nf4 Qc4 17. Qf3
Nc7 18. Bc3 Nb5 19. Rad1 Nd4 20. Rxd4 cxd4 21. Bb4+ Ne7 22. Re1 Kg8 23. Rxe7
Qxc2 24. Nd5 Qg6 25. Re8+ {1-0 Pavlovic,M-Weiss,C/Oberwart op 2003/}) 10... Ba6
(10... Ne7 11. h5 h6 12. Rh4 $1 Ba6 13. Bxa6 Nxa6 14. Rf4 $1 Qd7 15. Qf3 Nc6
16. Nh3 $1 Rc8 17. g4 Qe8 (17... Qe7 $2 18. g5 $1 hxg5 19. Nxg5 Qxg5 20. Rxf7+)
18. g5 Ne7 19. gxh6 gxh6 (19... Rxh6 20. Rh4) 20. Rf6 Nf5 21. Nf4 Ke7 22. Nxd5+
Kd8 23. Ne3 $1 Nxe3 24. Bxe3 Rc7 25. dxc5 $1 Nxc5 26. Rd1+ Ke7 (26... Kc8 27.
Qa8# {#}) 27. Bxc5+ bxc5 28. Rxe6+ {1-0 Fischer,R-Hook,W/Siegen (ol) 1970/
ChessBase} (28. Rxe6+ Kxe6 29. Qf6# {#})) 11. Bxa6 Nxa6 12. h5 h6 13. Rh4 (13.
Nf3 cxd4 14. cxd4 Qc4 15. c3 Ne7 16. Qb1 Nc6 17. a4 Na5 18. Rh3 Rb8 19. Qd1 Nc7
20. Nh4 Nb3 21. Ra3 Nxd2 22. Qxd2 b5 23. Rf3 Ke7 {1/2-1/2 Sammalvuo,T-Rojas,L/
Calvia Olympiad 2004/ (58)}) 13... Rc8 14. Rf4 cxd4 15. cxd4 Ne7 16. Qf3 Ke8
17. c3 Rf8 18. Nh3 Nb8 19. Qg4 Rg8 20. Qf3 Rf8 21. Qg3 Rg8 22. Qf3 {1/2-1/2
Cheparinov,I-Nikolic,P/Wijk aan Zee Corus-B 2005/The Week in Chess 534}) 10.
Nf3 Nge7 $146 (10... c4 11. h4 f5 12. h5 Bd7 13. h6 gxh6 14. Bxh6+ Nxh6 15.
Rxh6 Re8 16. g4 fxg4 17. Ng5 Re7 18. Kd2 {1-0 Jordan,J-Bohak,J/corr EUR t-ch
1999/ICCF Telechess}) 11. Qb1 c4 12. h4 {[%cal Gh4h6]} (12. g3 Bd7) 12... Ke8
$5 {The king is running to a safe place.} 13. h5 h6 14. g4 Kd8 (14... b6 $5 15.
Nh4 {[%cal Gf2f5]}) 15. g5 (15. Nh4 $5) 15... hxg5 16. Nxg5 Ke8 $1 (16... Rf8
17. h6 gxh6 18. Rxh6 $36) 17. Be2 b6 18. Bg4 (18. h6 $5 gxh6 19. Nf3 Nf5 20.
Nh4 $44) 18... Bd7 19. Qd1 (19. h6 $5) 19... Ng8 $1 {[%cal Gg8h6,Gc6e7] Good
prophylactic move.} 20. Be3 Nh6 21. Kd2 (21. Bh3 $5) 21... Kd8 {White is
amassing a big army on the king side, so in such cases the player under attack
has to consider a king escape from the dangerous area.} (21... Nxg4 22. Qxg4
Ne7 23. Nf3 Nf5 24. Nh4 $36) 22. Qf3 Kc7 {Black has a very solid position, but
it's quite difficult for him to get active counterplay.} 23. Nh3 {[%cal Ge3h6]}
Raf8 (23... Nxg4 24. Qxg4 Rag8 25. Ng5 $36) 24. Bxh6 $1 Rxh6 25. Qe3 {[%cal
Ge3g5]} Rfh8 26. Rhg1 (26. Ng5 Be8) 26... g6 (26... Be8 $5 27. Be2 $140 Ne7 $1)
27. hxg6 (27. Ng5 Nd8) 27... Rxg6 28. Nf4 Rgh6 (28... Rgg8 $5 $132) 29. Qf3 {
[%cal Gf4h5]} Be8 30. Nh5 f5 $5 {Nikolic decides to change character of the
game.} (30... Ne7 $5 31. Nf6 Ng6 $13 {seemed quite playable but thorough
analysis is needed for more precise conclusions.}) 31. exf6 Bg6 $5 (31... Bxh5
32. Bxh5 Rxh5 $2 33. Rg7+ Kd6 34. f7 Rf5 35. Qg3+ $18 {[%csl Ra4,Gf7]}) 32.
Rac1 Kb7 (32... Bxh5 33. Bxh5 Kb7 34. f7 {[%csl Gf7]}) 33. Nf4 ({This position
probably requires more active decisions:} 33. Ng7 $5 Be4 34. Qf4 $36) 33... Be4
34. Qe3 Rxf6 35. Bxe6 (35. f3 $5 Rh2+ 36. Rg2 Rxg2+ 37. Nxg2 Bf5 38. Bxf5 exf5
39. Qe8 $36) 35... Rhf8 36. Rg4 $6 ({A natural development of the initiative
can be achieved by} 36. Rg7+ $5 Kb8 37. Rg8 Qxa3 38. f3 Bf5 39. Rcg1 $36) 36...
Qxa3 {[%cal Ga3d6]} 37. f3 $8 (37. Re1 Qd6 38. f3 Rxf4 39. Rxf4 Rxf4 40. fxe4
Rxe4 41. Qh6 Rxe1 42. Kxe1 Ne7 $19) 37... Bxf3 (37... Rxe6 $5 38. Nxe6 Rxf3 39.
Rxe4 $8 dxe4 40. Qxe4 Qxc3+ 41. Ke2 Rf2+ $5 42. Kxf2 Qd2+ 43. Kf3 Qxc1 44. Nd8+
Kc7 45. Qxc6+ (45. Nxc6 $6 Qh1+) 45... Kxd8 $11) 38. Qxf3 Rxe6 39. Qxd5 Rd6 (
39... Ref6 $2 40. Rg7+ Ka6 $8 (40... Ka8 41. Qd7 Rb8 42. Ne6 $18) 41. Rb1 $1
Qa4 42. Qd7 $18) 40. Qxc4 Qa5 (40... Ka8 $5) 41. Nd3 Nxd4 {A risky, but
interesting attempt - Black is rejecting all drawing continuations.} ({Nikolic
could play} 41... Rc8 $5 {with almost force continuation} 42. Rg7+ Kb8 43. Nb4
$1 Nxb4 $1 44. Qf7 Rxd4+ $1 (44... Qa6 45. Qf4 Rcd8 46. cxb4 $16 (46. Rg8 $2
Rxg8 47. Qxd6+ Ka8 48. cxb4 Qc4 $1 $19)) 45. cxd4 Nxc2+ 46. Ke2 Nxd4+ 47. Kd3
Qb5+ 48. Rc4 Qxc4+ 49. Qxc4 Rxc4 50. Kxc4 $11) 42. Rf1 (42. Rg7+ $2 Ka8 43. Qc7
Nb3+ $1 44. Ke3 (44. cxb3 Rxd3+ $1 45. Ke2 Qh5+ $19) 44... Re6+ $19) 42... Rc8
$2 (42... Ne6 43. Rxf8 Nxf8 44. Qf4 Rd8 45. Qf6 Qd5 46. Rg7+ $36) (42... Nf5 $1
$11) 43. Rg7+ Kb8 44. Rf8 $1 {A wonderful resource!} Nf3+ (44... Rdc6 45. Rxc8+
Rxc8 46. Qxd4) 45. Ke2 Ng1+ 46. Ke3 $1 Rxd3+ 47. Kxd3 1-0